| 000 | 00855nam a22002417a 4500 | ||
|---|---|---|---|
| 005 | 20140116150200.0 | ||
| 010 | _aENG-105332 | ||
| 020 |
_a9780415523011 _c995.00 |
||
| 035 | _aEN-88865 | ||
| 035 | _aB-512582-590 | ||
| 037 | _bDBAD/PUB | ||
| 037 |
_bBSB/Ven _adpl |
||
| 082 | _a745.0954 | ||
| 100 | _aChatterji, Roma | ||
| 245 |
_aSpeaking with pictures : _cby Roma Chatterji _bfolk art and narrative tradition in India / |
||
| 260 |
_aNew Delhi _bRoutledge _c2012 |
||
| 270 |
_a912 Tolstoy House,15-17 Tolstoy Marg,Cannaught Place _bNew Delhi _e110001 |
||
| 300 |
_axxvi,299p. _c22cm (Hb) _bill |
||
| 490 | _aCritical asian studies | ||
| 500 | _aIncludes bibliographical references and index | ||
| 942 |
_2ddc _cEN _mCHA _h745.0954 |
||
| 999 |
_c66848 _d66848 |
||